Влияние геометрии емкости, условий тепло- и массообмена на динамику ее заполнения десублимированным UF6; Физическое образование в вузах; Т. 24, № S1

Bibliographic Details
Parent link:Физическое образование в вузах
Т. 24, № S1.— 2018.— [С. 164-165]
Main Author: Котельникова А. А. Александра Александровна
Corporate Author: Национальный исследовательский Томский политехнический университет Инженерная школа ядерных технологий Отделение ядерно-топливного цикла
Other Authors: Малюгин Р. В. Роман Владиславович
Summary:Заглавие с экрана
Режим доступа: по договору с организацией-держателем ресурса
Language:Russian
Published: 2018
Subjects:
Online Access:https://elibrary.ru/item.asp?id=32844674
Format: Electronic Book Chapter
KOHA link:https://koha.lib.tpu.ru/cgi-bin/koha/opac-detail.pl?biblionumber=660407

MARC

LEADER 00000naa0a2200000 4500
001 660407
005 20250403152523.0
035 |a (RuTPU)RU\TPU\network\29816 
090 |a 660407 
100 |a 20190627d2018 k||y0rusy50 ca 
101 0 |a rus 
102 |a RU 
135 |a drcn ---uucaa 
181 0 |a i  
182 0 |a b 
200 1 |a Влияние геометрии емкости, условий тепло- и массообмена на динамику ее заполнения десублимированным UF6  |f А. А. Котельникова, Р. В. Малюгин 
203 |a Текст  |c электронный 
300 |a Заглавие с экрана 
320 |a [Библиогр.: с. 165 (1 назв.)] 
333 |a Режим доступа: по договору с организацией-держателем ресурса 
461 |t Физическое образование в вузах 
463 |t Т. 24, № S1  |v [С. 164-165]  |d 2018 
610 1 |a электронный ресурс 
610 1 |a труды учёных ТПУ 
610 1 |a теплообмен 
610 1 |a массообмен 
610 1 |a емкость 
700 1 |a Котельникова  |b А. А.  |g Александра Александровна 
701 1 |a Малюгин  |b Р. В.  |c физик  |c инженер Томского политехнического университета  |f 1991-  |g Роман Владиславович  |3 (RuTPU)RU\TPU\pers\37373 
712 0 2 |a Национальный исследовательский Томский политехнический университет  |b Инженерная школа ядерных технологий  |b Отделение ядерно-топливного цикла  |3 (RuTPU)RU\TPU\col\23554 
801 2 |a RU  |b 63413507  |c 20190627  |g RCR 
856 4 |u https://elibrary.ru/item.asp?id=32844674 
942 |c CF